| 000 | 00484nam a2200169Ia 4500 | ||
|---|---|---|---|
| 003 | OSt | ||
| 005 | 20200207120609.0 | ||
| 008 | 190216s9999||||xx |||||||||||||| ||und|| | ||
| 040 | _coclc | ||
| 082 |
_a297.9 _bMAD/S |
||
| 100 |
_aMadeeni, A Abdul Hameed _91897 |
||
| 245 | 0 |
_aShiayism / _cA Abdul Hameed Madeeni |
|
| 260 |
_bYuvatha Book House, _c2000. _aCalicut: |
||
| 300 | _a86p | ||
| 650 | _aIslamic History | ||
| 942 |
_cBK _2ddc _h297.9 _iMAD/S _k297.9 _mMAD/S |
||
| 999 |
_c22979 _d22979 |
||